000 01351 a2200217 4500
003 Nust
005 20221205102559.0
010 _a 2003103558
020 _a (alk. paper)
040 _cNust
082 _a150.19,SCH
100 1 _aSchultz, Duane P.
_937124
245 1 2 _aA history of modern psychology /
_cDuane P. Schultz, Sydney Ellen Schultz.
250 _a6th ed.
260 _aBelmont, CA :
_bThomson/Wadsworth,
_cc2004.
300 _axviii, 534 p. :
_bill. ;
_c25 cm.
505 _a The Study of the History of Psychology (Page-1), Philosophical in Influences on Psychology (Page-21), Physiological Influences on Psychology (Page-49), The New Psychology (Page-69), Structuralism (Page-99), Functionalism Antecedent Influences (Page-123), Functionalism Development and Founding (Page-147), Functionalism Legacy Applied Psychology (Page-179), Behaviorism Antecedent Influences (Page-225), Behaviorism the Beginning (Page-251), Behaviorism After the Foundation (Page-285), Gestalt Psychology (Page-321), Psychoanalysis the Beginnings (Page-355), Psychoanalysis Dissenters and Descendants (Page-401), Humanistic Psychology and Cognitive Psychology (Page-433), Gender and Race in the History of Psychology (Page-463).
650 0 _aPsychology
_xHistory
_937026
700 1 _aSchultz, Sydney Ellen.
_937125
942 _2ddc
_cBK
_k150.19,SCH
999 _c176986
_d176986